000 00229 a2200109 4500
020 _a9781558531024
041 _aeng
100 _aJackson Brown
245 _aLifes Little Intruction Book
942 _cBK
952 _71
_xAuto Ayuda
999 _c25858
_d25858